000 00436nam a2200181Ia 4500
003 GCL
008 140319s9999 xx 000 0 eng d
040 _aGCL /
_cGCL
082 0 4 _a747.3
_bWC
100 1 _aWORD LOCK
245 1 0 _aCREATINE HOME: DECORATING /
_cWORD LOCK
260 _a[S.N] :
_bWORD LOCK ،
_c1994
300 _a96
490 _aA CREATING A HOME
_v0
650 0 4 _aDESIGN
650 0 4 _aDECORATION
942 _2ddc
_cBK
999 _c20673
_d20673